| 000 | 00440nam a2200145Ia 4500 | ||
|---|---|---|---|
| 008 | 240126s9999 xx 000 0 und d | ||
| 041 | _aEnglish | ||
| 082 | _aPRME94-102 | ||
| 100 | _aRao, Hariprasad V Sudheer Pai M Sharath Kumar K N Suraja Y | ||
| 245 | 0 |
_aDesign and fabrication of pedal operated sand sieving machine _bBhat, K Ganapathy |
|
| 260 | _bNMAMIT, Nitte | ||
| 440 | _aNULL | ||
| 650 | _aSand sieving machine | ||
| 942 | _cPR | ||
| 999 |
_c256084 _d256084 |
||